La imagen de Venecia en la cultura de la restauración arquitectónica /
El Seminario Torres Balbás, que funciona en la Universidad de Granada, busca contrastar las diferentes posturas y experiencias en torno a la restauración del patrimonio cultural y ofrecer lineamientos para la intervención de los centros históricos. En esta ocasión se ocupa del caso de la ciudad de V...
Salvato in:
| Ente Autore: | |
|---|---|
| Altri autori: | |
| Natura: | Atti del Convegno Libro |
| Lingua: | spagnolo |
| Pubblicazione: |
Granada, España :
Universidad de Granada,
2004, c2004
|
| Serie: | (Monográfica ; Arquitectura, Urbanismo y Restauración)
10. |
| Soggetti: | |
| Tags: |
Nessun Tag, puoi essere il primo ad aggiungerne!!
|
MARC
| LEADER | 00000nam^a2200000^a^4500 | ||
|---|---|---|---|
| 001 | 000190059 | ||
| 005 | 20250521000000.0 | ||
| 009 | 20260310102436.366 | ||
| 020 | |a 84-338-3229-8 | ||
| 037 | |a Acervo ITESO - Biblioteca | ||
| 041 | |a ESP | ||
| 082 | |a 719. 32 |b TOR 2003 | ||
| 111 | |a Seminario Torres Balbás ( |d 2003 : |c Universidad de Granada) | ||
| 245 | 1 | 3 | |a La imagen de Venecia en la cultura de la restauración arquitectónica / |c Ed. de F.J. Gallego Roca ; tr. por Juan Hita Bueno. |
| 264 | 4 | |a Granada, España : |b Universidad de Granada, |c 2004, c2004 | |
| 300 | |a 180 p. | ||
| 336 | |a texto |b txt |2 rdacontenido | ||
| 337 | |a sin mediación |b n |2 rdamedio | ||
| 338 | |a volumen |b nc |2 rdasoporte | ||
| 440 | 1 | |a (Monográfica ; |v 10. |p Arquitectura, Urbanismo y Restauración) | |
| 520 | |a El Seminario Torres Balbás, que funciona en la Universidad de Granada, busca contrastar las diferentes posturas y experiencias en torno a la restauración del patrimonio cultural y ofrecer lineamientos para la intervención de los centros históricos. En esta ocasión se ocupa del caso de la ciudad de Venecia que, dada su naturaleza lagunar, representa retos muy particulares en materia de restauración. | ||
| 649 | |a XX | ||
| 650 | |a Centros Históricos - |z Venecia, Italia | ||
| 650 | |a Centros Históricos - |z Italia | ||
| 650 | |a Patrimonio Artístico - |z Venecia, Italia | ||
| 650 | |a Patrimonio Artístico - |z Italia | ||
| 650 | |a Imagen Urbana - |z Venecia, Italia | ||
| 650 | |a Imagen Urbana - |z Italia | ||
| 650 | |a Restauración y Conservación Arquitectónica - |z Venecia, Italia | ||
| 650 | |a Restauración y Conservación Arquitectónica - |z Italia | ||
| 650 | |a Restauración y Conservación Arquitectónica - |x Congresos - |x Tema Principal | ||
| 650 | |a Restauración y Conservación Urbana - |z Venecia, Italia | ||
| 650 | |a Restauración y Conservación Urbana - |z Italia | ||
| 650 | |a Restauración y Conservación Urbana - |x Congresos - |x Tema Principal | ||
| 650 | |a Restauración y Conservación de Arte - |z Venecia, Italia | ||
| 650 | |a Restauración y Conservación de Arte - |z Italia | ||
| 650 | |a Restauración y Conservación de Arte - |x Congresos - |x Tema Principal | ||
| 650 | |a Valoración Patrimonial e Histórica - |z Venecia, Italia | ||
| 650 | |a Valoración Patrimonial e Histórica - |z Italia | ||
| 650 | |a Urbanismo - |z Venecia, Italia | ||
| 650 | |a Urbanismo - |z Italia | ||
| 650 | |a Arquitectura Italiana - |x Historia y Crítica | ||
| 650 | |a Arte Italiano - |x Historia y Crítica | ||
| 650 | |a Venecia, Italia - |x Historia | ||
| 650 | |a Venecia, Italia - |x Descripción | ||
| 650 | |a Venecia, Italia - |x Tema Principal | ||
| 650 | |a Italia - |x Historia | ||
| 650 | |a Italia - |x Descripción | ||
| 700 | |a Gallego Roca, Francisco Javier |e (edición) | ||
| 910 | |a Fondo General | ||
| 920 | |a Impresos - Libros | ||
| 930 | |a Reserva Especial | ||
| 905 | |a 103 | ||
| 901 | |a 0500133488 |b IT1 |c REE |u 20250521 | ||
| 902 | |a https://opac.biblio.iteso.mx/vufind/Record/000190059 | ||